| 000 | 01000nam a2200265 i 4500 | ||
|---|---|---|---|
| 001 | 125213 | ||
| 003 | ES-MaACL | ||
| 005 | 20230906192559.0 | ||
| 007 | t| | ||
| 008 | 070507s1932 sp ||||1| spa d | ||
| 080 | _a86-221"19" | ||
| 100 | 1 |
_aBlanco, Leandro. _929193 |
|
| 245 | 1 | 0 |
_aRincón y cortado (s.a.) _b: comedia no apta para caballeros dispuesta en tres actos, el segundo dividido en dos cuadros y un entre cuadro, en prosa / _cLeandro Blanco y Alfonso Lapena ; dibujos de Merlo. |
| 260 |
_aMadrid : _bRivadeneyra, _c1932. |
||
| 300 |
_a64 p. ; _c17 cm. |
||
| 490 | 1 |
_aLa Farsa ; _v262 |
|
| 500 | _aEstrenada el día 1º de septiembre, en el Teatro María Isabel por la Compañía de Juan Bonafé. | ||
| 500 | _aCubierta de este número: Juán Bonafé. | ||
| 700 | 1 |
_aLapena, Alfonso. _970145 |
|
| 700 | 1 |
_aBlanco, Leandro. _929193 |
|
| 700 | 1 |
_aBonafé, Juan. _930061 |
|
| 830 | 0 |
_aLa Farsa ; _v262 _9185863 |
|
| 852 |
_aES-MaACL _j2230-F-18 _bR.140853 |
||
| 999 |
_c125213 _d125213 |
||